| 000 | 00525nam a22001817a 4500 | ||
|---|---|---|---|
| 005 | 20240808115107.0 | ||
| 008 | 231124b ||||| |||| 00| 0 eng d | ||
| 040 | _cAL | ||
| 041 | _akan | ||
| 082 |
_223 _aK894.3 _bANAM |
||
| 100 |
_aAnanta Rao H K _9175791 |
||
| 245 |
_aManomaya: _bಮನೋಮಯ |
||
| 260 |
_aBengaluru _bSBS _c1994 |
||
| 650 |
_aKannada Fiction _9143326 |
||
| 650 |
_aKannada Literature _9143327 |
||
| 700 |
_aANANTARAO (H K): ಅನಂತರಾವ್ ಹೆಚ್ ಕೆ _9143328 |
||
| 942 |
_2ddc _cBK |
||
| 999 |
_c229298 _d229298 |
||